000 00415 a2200145 4500
020 _a81-7880-108-6
040 _aDLC
_bDLC
082 _a004.03
245 _aEncyclopedia of Applied information systems V-2
_cAishwarya Anand
260 _aNew Delhi
_bRajat Publications
_c2003
300 _a287p.
_b:ill.
_c;20cm
500 _a4 volume set
700 _aAishwarya Anand and Archana Singh
942 _cBK
_k004.03 ANA
_2ddc
999 _c10670
_d10670